[Event "EtVaS 40v turnaus"]
[Site "Helsinki"]
[Date "2014.05.16"]
[Round "1.1"]
[White "Hartio, Ilkka"]
[Black "Kiik, Kalle"]
[Result "0-1"]
[WhiteElo "2073"]
[BlackElo "2415"]
[PlyCount "92"]
[EventDate "2014.??.??"]
[WhiteClock "0:20:30"]
[BlackClock "0:23:13"]

1. Nf3 c5 2. g3 d5 3. Bg2 Nc6 4. d4 e6 5. O-O Nf6 6. c4 Be7 7. Nc3 O-O 8. cxd5
exd5 9. Bg5 cxd4 10. Nxd4 h6 11. Bf4 Bb4 12. Rc1 Bg4 13. Nxc6 bxc6 14. h3 Bh5
15. a3 Bd6 16. Bxd6 Qxd6 17. Qd2 Rfe8 18. e3 Rad8 19. Na4 Nd7 20. Qd4 Ne5 21.
g4 Bg6 22. Nc5 Qe7 23. b3 f5 24. Nd3 Nxd3 25. Qxd3 Qe6 26. Qd4 fxg4 27. hxg4
Be4 28. f3 Bg6 29. Rfe1 Rd7 30. Rc3 Ree7 31. Rec1 Rd6 32. Kf2 Be8 33. Rc5 Qf7
34. R1c3 Re4 35. Qd1 Rxg4 36. f4 Qh5 37. Qh1 Rxg2+ 38. Qxg2 Rg6 39. Qxg6 Qxg6
40. Rc1 Qd3 41. R5c3 Qd2+ 42. Kg3 h5 43. R1c2 Qd1 44. b4 Bd7 45. Rc1 Qe2 46.
R1c2 h4+ 0-1

[Event "EtVaS 40v turnaus"]
[Site "Helsinki"]
[Date "2014.05.16"]
[Round "1.2"]
[White "Norri, Joose"]
[Black "Syvälahti, Heikki"]
[Result "1-0"]
[WhiteElo "2373"]
[BlackElo "1982"]
[PlyCount "87"]
[EventDate "2014.??.??"]
[WhiteClock "1:07:52"]
[BlackClock "0:22:55"]

1. d4 Nf6 2. c4 g6 3. Nc3 d5 4. Nf3 Bg7 5. Bf4 O-O 6. Rc1 c6 7. e3 Ne4 8. cxd5
Nxc3 9. bxc3 cxd5 10. c4 Qa5+ 11. Qd2 Qxd2+ 12. Kxd2 dxc4 13. Bxc4 Nc6 14. Ng5
e5 15. dxe5 Nxe5 16. Bb3 Nc6 17. Bd6 Na5 18. Bxf8 Nxb3+ 19. axb3 Bxf8 20. Rc7
Bd6 21. Rhc1 Bxc7 22. Rxc7 Be6 23. Nxe6 fxe6 24. Rxb7 a5 25. Re7 Ra6 26. Kd3
Rd6+ 27. Ke4 Rd2 28. Kf3 Rd6 29. g4 Rb6 30. Kf4 Rxb3 31. Rxe6 Rb2 32. Kg3 a4
33. Ra6 Rb4 34. h4 Kg7 35. f3 Rb3 36. Ra7+ Kg8 37. Kf4 a3 38. e4 Rc3 39. e5 h6
40. h5 Rc4+ 41. Kg3 gxh5 42. gxh5 Rc3 43. Kg4 Kf8 44. f4 1-0

[Event "EtVaS 40v turnaus"]
[Site "Helsinki"]
[Date "2014.05.16"]
[Round "1.3"]
[White "Seppänen, Ville"]
[Black "Luukkonen, Tommi"]
[Result "0-1"]
[WhiteElo "2072"]
[BlackElo "2348"]
[PlyCount "70"]
[EventDate "2014.??.??"]
[WhiteClock "0:16:22"]
[BlackClock "0:59:02"]

1. d4 Nf6 2. c4 g6 3. Nc3 Bg7 4. e4 O-O 5. Nf3 d6 6. Be2 e5 7. dxe5 dxe5 8.
Qxd8 Rxd8 9. Bg5 c6 10. Nxe5 Re8 11. f4 h6 12. Bxf6 Bxf6 13. O-O Bxe5 14. fxe5
Nd7 15. Rad1 Nxe5 16. b3 Be6 17. Rd6 Kg7 18. Rfd1 h5 19. h3 h4 20. R1d2 g5 21.
Bd1 f6 22. Bh5 Re7 23. Rd8 Rxd8 24. Rxd8 Bf7 25. Bxf7 Nxf7 26. Rd1 Ne5 27. Kf2
a6 28. Ne2 Kf7 29. Rd2 a5 30. a3 a4 31. c5 axb3 32. Rd4 Rd7 33. Ke3 b2 34. Nc3
Rxd4 35. Kxd4 Ng6 0-1

[Event "EtVaS 40v turnaus"]
[Site "Helsinki"]
[Date "2014.05.16"]
[Round "1.4"]
[White "Järvenpää, Jari"]
[Black "Hallman, Valo"]
[Result "1-0"]
[WhiteElo "2282"]
[BlackElo "1875"]
[PlyCount "57"]
[EventDate "2014.??.??"]
[WhiteClock "0:42:06"]
[BlackClock "0:29:24"]

1. e4 d6 2. d4 Nf6 3. Nc3 e5 4. Nge2 Nbd7 5. g3 Be7 6. Bg2 c6 7. a4 Qc7 8. a5
Rb8 9. O-O b5 10. axb6 axb6 11. h3 O-O 12. g4 b5 13. Ng3 exd4 14. Nf5 Ne5 15.
Nxe7+ Qxe7 16. Qxd4 h5 17. g5 Nh7 18. f4 b4 19. Ne2 c5 20. Qf2 Nc4 21. b3 Nb6
22. Ng3 g6 23. Bb2 f6 24. gxf6 Nxf6 25. e5 Nfd5 26. exd6 Qh4 27. Ne4 Qxf2+ 28.
Rxf2 Rxf4 29. Nf6+ 1-0

[Event "EtVaS 40v turnaus"]
[Site "Helsinki"]
[Date "2014.05.16"]
[Round "1.5"]
[White "Sorvari, Jarmo"]
[Black "Parkkinen, Jyrki"]
[Result "1-0"]
[WhiteElo "2013"]
[BlackElo "2197"]
[PlyCount "109"]
[EventDate "2014.??.??"]
[WhiteClock "0:09:31"]
[BlackClock "0:01:35"]

1. d4 d5 2. Bf4 e6 3. e3 Bd6 4. Bg3 c5 5. c3 Nc6 6. Nf3 Bxg3 7. hxg3 Qd6 8.
Nbd2 Nf6 9. Bb5 Bd7 10. a4 h6 11. O-O Rc8 12. Re1 O-O 13. Bf1 e5 14. Nc4 dxc4
15. dxe5 Qxd1 16. Rexd1 Be6 17. exf6 gxf6 18. Rd6 Rfd8 19. Rad1 Rxd6 20. Rxd6
Kf8 21. Be2 Ke7 22. Rd1 a6 23. Kf1 Rc7 24. Ke1 b6 25. Kd2 Rd7+ 26. Kc1 Rxd1+
27. Bxd1 Bd7 28. Bc2 Kd6 29. Kd2 Na5 30. Ke2 Bc6 31. e4 Nb3 32. Nd2 Nxd2 33.
Kxd2 f5 34. exf5 Bxg2 35. Ke3 Bc6 36. g4 f6 37. f4 Be8 38. Bd1 Bc6 39. Kf2 Be4
40. Kg3 Ke7 41. Kf2 Bc6 42. Bc2 Be8 43. Kg3 Kf7 44. Kh4 Bc6 45. g5 hxg5+ 46.
fxg5 fxg5+ 47. Kxg5 Bg2 48. f6 Bc6 49. Bd1 a5 50. Kf5 b5 51. axb5 Bxb5 52. Bh5+
Kf8 53. Ke5 Bd7 54. Kd5 a4 55. Kxc4 1-0

[Event "EtVaS 40v turnaus"]
[Site "Helsinki"]
[Date "2014.05.16"]
[Round "1.6"]
[White "Åberg, Tomi"]
[Black "Tuovinen, Jukka"]
[Result "1/2-1/2"]
[WhiteElo "2123"]
[BlackElo "2062"]
[PlyCount "71"]
[EventDate "2014.??.??"]
[WhiteClock "0:08:19"]
[BlackClock "0:10:47"]

1. d4 Nf6 2. c4 e6 3. Nf3 b6 4. g3 Bb7 5. Bg2 Be7 6. O-O O-O 7. Qc2 d6 8. Rd1
c5 9. dxc5 bxc5 10. Nc3 Qb6 11. e4 Nc6 12. Bg5 Rfd8 13. Rd2 h6 14. Bxf6 Bxf6
15. Rad1 Nd4 16. Nxd4 Bxd4 17. Na4 Qa5 18. b4 Qc7 19. Nc3 a6 20. a4 cxb4 21.
Rxd4 bxc3 22. Qxc3 e5 23. R4d2 Qc5 24. Rb2 Bc6 25. a5 Rab8 26. Rdb1 Rxb2 27.
Rxb2 Bb5 28. Bf1 Rc8 29. Kg2 Rc7 30. Qb4 Bc6 31. Qb8+ Kh7 32. Bd3 Qxa5 33. Rb6
Rc8 34. Qxc8 Qxb6 35. Qf5+ Kg8 36. Qc8+ 1/2-1/2

[Event "EtVaS 40v turnaus"]
[Site "Helsinki"]
[Date "2014.05.16"]
[Round "1.7"]
[White "Lönnqvist, Henrik"]
[Black "Lehtosaari, Mauri"]
[Result "1/2-1/2"]
[WhiteElo "2059"]
[BlackElo "2117"]
[PlyCount "92"]
[EventDate "2014.??.??"]
[WhiteClock "0:00:44"]
[BlackClock "0:01:04"]

1. e4 c5 2. d4 cxd4 3. c3 d5 4. exd5 Qxd5 5. Nf3 Bg4 6. cxd4 Bxf3 7. gxf3 e6 8.
Nc3 Bb4 9. Be2 Nc6 10. O-O Bxc3 11. bxc3 Nge7 12. f4 O-O 13. Be3 Rfd8 14. Bf3
Qa5 15. Qb3 Rab8 16. Rfd1 Nf5 17. Rab1 Nce7 18. c4 Nh4 19. Be4 Qh5 20. d5 exd5
21. cxd5 b6 22. d6 Nef5 23. d7 Nf3+ 24. Bxf3 Qxf3 25. Qd5 Qg4+ 26. Kf1 Qh3+ 27.
Ke1 Nxe3 28. fxe3 Qxe3+ 29. Kf1 Qxf4+ 30. Kg2 Qg4+ 31. Kf2 Qe6 32. Rbc1 Kf8 33.
Rc7 a5 34. a4 Qxd5 35. Rxd5 Ke7 36. Ke3 b5 37. axb5 a4 38. Ra7 a3 39. Kd4 a2
40. Rxa2 Rxd7 41. Rxd7+ Kxd7 42. Ra7+ Ke6 43. Ra6+ Kd7 44. Ra7+ Ke6 45. Ra6+
Kd7 46. Ra7+ Ke6 1/2-1/2

[Event "EtVaS 40v turnaus"]
[Site "Helsinki"]
[Date "2014.05.16"]
[Round "1.8"]
[White "Elomaa, Arto"]
[Black "Ertbjerg, Per"]
[Result "1-0"]
[WhiteElo "2121"]
[BlackElo "2003"]
[PlyCount "117"]
[EventDate "2014.??.??"]
[WhiteClock "0:06:35"]
[BlackClock "0:04:28"]

1. e4 c5 2. c3 Nf6 3. e5 Nd5 4. d4 cxd4 5. Nf3 Nc6 6. cxd4 d6 7. exd6 e6 8. Nc3
Nxc3 9. bxc3 Qxd6 10. Bd3 Be7 11. O-O O-O 12. Ng5 h6 13. Ne4 Qd5 14. Bf4 Rd8
15. Be3 b5 16. Nd2 Bb7 17. Be4 Qd7 18. Nb3 a5 19. Qh5 f5 20. Bf3 a4 21. Nc5
Bxc5 22. dxc5 Ne5 23. Bxb7 Qxb7 24. Rab1 Nc4 25. Qg6 Qf7 26. Qxf7+ Kxf7 27.
Rxb5 Nxe3 28. fxe3 Rd3 29. e4 Kf6 30. exf5 exf5 31. c6 Rxc3 32. Rbxf5+ Kg6 33.
R5f4 Rxc6 34. Rg4+ Kh7 35. Rf7 Rg6 36. Rxg6 Kxg6 37. Rf4 Kg5 38. Rb4 Ra5 39. a3
Kf5 40. Kf2 g5 41. Kf3 h5 42. h3 h4 43. Rc4 Ke5 44. Kg4 Ke6 45. Kh5 Kf5 46. Rb4
Kf6 47. Kg4 Ke6 48. Rb6+ Kf7 49. Kh5 Ke7 50. Rg6 Rc5 51. Rxg5 Rc3 52. Kxh4 Rxa3
53. g4 Kf6 54. Ra5 Kg7 55. g5 Ra1 56. Kh5 a3 57. Ra7+ Kf8 58. Kh6 a2 59. g6 1-0

[Event "EtVaS 40v turnaus"]
[Site "Helsinki"]
[Date "2014.05.16"]
[Round "1.9"]
[White "Demidov, Jan"]
[Black "Hallenberg, Sami"]
[Result "1/2-1/2"]
[WhiteElo "1924"]
[BlackElo "2135"]
[PlyCount "67"]
[EventDate "2014.??.??"]
[WhiteClock "0:44:49"]
[BlackClock "0:11:32"]

1. Nf3 Nf6 2. b3 d6 3. d4 g6 4. Bb2 Bg7 5. Nbd2 O-O 6. e4 e5 7. dxe5 Ng4 8. Bd3
Nc6 9. O-O Ncxe5 10. Qc1 f5 11. h3 fxe4 12. Bxe4 Nxf3+ 13. Nxf3 Bxb2 14. Qxb2
Qf6 15. Qxf6 Nxf6 16. Rfe1 d5 17. Bd3 Nh5 18. Re7 Nf4 19. Rxc7 Bxh3 20. Ng5
Bxg2 21. Re1 Rae8 22. Ree7 Rxe7 23. Rxe7 Nxd3 24. cxd3 Bf3 25. Rxb7 Rf5 26.
Nxf3 Rxf3 27. Rxa7 Rxd3 28. b4 Rd1+ 29. Kg2 Rb1 30. Rb7 Ra1 31. Rd7 Rxa2 32.
Rxd5 Rb2 33. Rb5 Kg7 34. Rb7+ 1/2-1/2

[Event "EtVaS 40v turnaus"]
[Site "Helsinki"]
[Date "2014.05.16"]
[Round "1.10"]
[White "Tumanov, Dmitri"]
[Black "Nazarova, Anastasia"]
[Result "0-1"]
[WhiteElo "2010"]
[BlackElo "1817"]
[PlyCount "68"]
[EventDate "2014.??.??"]
[WhiteClock "0:14:14"]
[BlackClock "0:34:04"]

1. e4 c5 2. Nf3 g6 3. d4 cxd4 4. Qxd4 Nf6 5. Nc3 Nc6 6. Qd1 d6 7. Bc4 Bg7 8. h3
O-O 9. Be3 Bd7 10. Nd2 Rc8 11. Be2 a6 12. a4 Be6 13. Nf3 Qa5 14. Ng5 Bd7 15.
O-O h6 16. Nf3 Qb4 17. Nd5 Qxe4 18. Nb6 Rc7 19. Bd3 Qb4 20. c3 Qxb2 21. Nc4
Qxc3 22. Rc1 Qb4 23. Rb1 Qc3 24. Rb3 Nd5 25. Rxc3 Nxc3 26. Qb3 Be6 27. Qa3 b5
28. axb5 axb5 29. Nb2 b4 30. Qa6 Nd5 31. Nc4 b3 32. Qa4 Rb8 33. Rc1 Nc3 34. Qa3
Bxc4 0-1

[Event "EtVaS 40v turnaus"]
[Site "Helsinki"]
[Date "2014.05.17"]
[Round "2.1"]
[White "Kiik, Kalle"]
[Black "Järvenpää, Jari"]
[Result "1-0"]
[WhiteElo "2415"]
[BlackElo "2282"]
[PlyCount "91"]
[EventDate "2014.??.??"]

1. c4 e5 2. g3 Nf6 3. Bg2 Nc6 4. Nc3 Bc5 5. e3 O-O 6. Nge2 Re8 7. O-O d6 8. d4
Bb6 9. h3 Bd7 10. Kh2 a6 11. a3 a5 12. b3 Qc8 13. Nd5 Nxd5 14. cxd5 Ne7 15.
dxe5 dxe5 16. Bb2 Ng6 17. Rc1 Qb8 18. Nc3 Bc5 19. Ne4 Bd6 20. Qh5 Re7 21. f4
exf4 22. exf4 f5 23. Nc5 Bxc5 24. Rxc5 Re3 25. Qd1 Re7 26. Qd4 Be8 27. h4 Ra6
28. Rfc1 Rd6 29. Qc4 b5 30. Qc3 b4 31. Qc4 Bf7 32. Rxa5 Qd8 33. axb4 Nxh4 34.
Qc3 Rg6 35. Rca1 Be8 36. Ra8 Qd6 37. Re1 Kf7 38. Rxe7+ Qxe7 39. gxh4 Rxg2+ 40.
Kxg2 Qe2+ 41. Kg3 Qg4+ 42. Kf2 Qxf4+ 43. Qf3 Qh2+ 44. Ke3 Qg1+ 45. Kd2 Bd7 46.
Qh5+ 1-0

[Event "EtVaS 40v turnaus"]
[Site "Helsinki"]
[Date "2014.05.17"]
[Round "2.2"]
[White "Nazarova, Anastasia"]
[Black "Norri, Joose"]
[Result "1-0"]
[WhiteElo "1817"]
[BlackElo "2373"]
[PlyCount "99"]
[EventDate "2014.??.??"]
[WhiteClock "0:18:55"]
[BlackClock "0:35:02"]

1. e4 e6 2. d4 d5 3. Nd2 Nf6 4. e5 Nfd7 5. Bd3 c5 6. c3 Nc6 7. Ne2 Qb6 8. Nf3
cxd4 9. cxd4 f6 10. exf6 Nxf6 11. O-O Bd6 12. Nc3 O-O 13. Be3 Bd7 14. Rc1 Qxb2
15. Nb5 Bb8 16. a3 a6 17. Rb1 Qa2 18. Ra1 Qb2 19. Rb1 Qxb1 20. Qxb1 axb5 21.
Bxb5 Rxa3 22. Bc1 Rxf3 23. Bxc6 Bxc6 24. gxf3 Nh5 25. Qd3 Rf6 26. Re1 Nf4 27.
Bxf4 Bxf4 28. Ra1 Rg6+ 29. Kf1 Bxh2 30. Ra8+ Kf7 31. Qa3 Bb5+ 32. Ke1 Rg1+ 33.
Kd2 Bf4+ 34. Kc2 Kg6 35. Qe7 Bg5 36. Qxe6+ Bf6 37. Rf8 Rg5 38. f4 Rf5 39. Qe3
h5 40. Qg3+ Kh7 41. Qh3 Bd7 42. Qd3 h4 43. Rf7 Be6 44. Rxb7 Kg6 45. Rb6 Bg8 46.
Rd6 h3 47. Qxh3 Bh7 48. Kd2 Rxf4 49. Qg3+ Kf5 50. Qd3+ 1-0

[Event "EtVaS 40v turnaus"]
[Site "Helsinki"]
[Date "2014.05.17"]
[Round "2.3"]
[White "Luukkonen, Tommi"]
[Black "Elomaa, Arto"]
[Result "1-0"]
[WhiteElo "2348"]
[BlackElo "2121"]
[PlyCount "47"]
[EventDate "2014.??.??"]
[WhiteClock "0:58:29"]
[BlackClock "0:41:07"]

1. d4 d6 2. e4 Nf6 3. Nc3 e5 4. Nf3 exd4 5. Nxd4 Be7 6. Bc4 O-O 7. O-O Re8 8.
Re1 Bf8 9. Bg5 Nbd7 10. a4 h6 11. Bh4 Ne5 12. Bb3 c5 13. Ndb5 g5 14. Bg3 a6 15.
Na3 Bd7 16. Nc4 Nxc4 17. Bxc4 Be6 18. Bxe6 Rxe6 19. Qf3 Qe7 20. h4 Re8 21. hxg5
hxg5 22. Qf5 Bh6 23. Re3 Nxe4 24. Nd5 1-0

[Event "EtVaS 40v turnaus"]
[Site "Helsinki"]
[Date "2014.05.17"]
[Round "2.4"]
[White "Lehtosaari, Mauri"]
[Black "Sorvari, Jarmo"]
[Result "1/2-1/2"]
[WhiteElo "2117"]
[BlackElo "2013"]
[PlyCount "121"]
[EventDate "2014.??.??"]
[WhiteClock "0:01:55"]
[BlackClock "0:01:48"]

1. e4 c5 2. Nc3 d6 3. g3 Nc6 4. Bg2 g6 5. d3 Bg7 6. Be3 Rb8 7. Qd2 b5 8. Nge2
b4 9. Nd1 Nd4 10. O-O e6 11. Nc1 Ne7 12. c3 bxc3 13. bxc3 Ndc6 14. Ne2 Ba6 15.
Rc1 Ne5 16. c4 O-O 17. h3 Qb6 18. Ndc3 Qb2 19. Rc2 Qa3 20. f4 N5c6 21. f5 Nb4
22. f6 Bxf6 23. Rxf6 Nxc2 24. Qxc2 Kg7 25. Rf1 Qa5 26. Qc1 Ng8 27. Qa1 f6 28.
Nf4 Bc8 29. g4 h6 30. Nb5 Rxb5 31. cxb5 Qxb5 32. Rb1 Qa6 33. Qc3 Bd7 34. Qc4
Qc8 35. a4 Ne7 36. Ne2 Nc6 37. Bf4 e5 38. Be3 Be6 39. Qc1 Rh8 40. Qb2 Nb4 41.
d4 a5 42. dxc5 dxc5 43. Nc3 Rd8 44. Nd5 Qc6 45. Nxb4 cxb4 46. Qc1 Qxa4 47. Ra1
Qb3 48. Bb6 Rc8 49. Qf1 a4 50. Qa6 a3 51. Qb7+ Kg8 52. Qa6 Qb2 53. Rf1 Rc1 54.
Be3 Rxf1+ 55. Bxf1 Bf7 56. Qxf6 g5 57. h4 Qc3 58. Bxg5 hxg5 59. Qxg5+ Kf8 60.
Qd8+ Kg7 61. Qg5+ 1/2-1/2

[Event "EtVaS 40v turnaus"]
[Site "Helsinki"]
[Date "2014.05.17"]
[Round "2.5"]
[White "Hallenberg, Sami"]
[Black "Åberg, Tomi"]
[Result "0-1"]
[WhiteElo "2135"]
[BlackElo "2123"]
[PlyCount "81"]
[EventDate "2014.??.??"]
[BlackClock "0:20:58"]

1. e4 c6 2. d4 d5 3. Nc3 dxe4 4. Nxe4 Bf5 5. Ng3 Bg6 6. Nf3 Nd7 7. h4 h6 8. Bd3
Bxd3 9. Qxd3 Ngf6 10. Bd2 Qc7 11. O-O-O e6 12. Rhe1 O-O-O 13. Kb1 Bd6 14. Ne4
Nxe4 15. Qxe4 Nf6 16. Qe2 Rd7 17. c4 c5 18. Ne5 Bxe5 19. dxe5 Nh7 20. Bc3 Rhd8
21. Rxd7 Qxd7 22. Kc2 Nf8 23. b3 Ng6 24. g3 Ne7 25. Rd1 Qxd1+ 26. Qxd1 Rxd1 27.
Kxd1 h5 28. Ke2 Kd7 29. Ke3 Nc6 30. f3 Ne7 31. Kf4 Nf5 32. Be1 Nd4 33. Bf2 Ne2+
34. Kg5 b6 35. Kxh5 Nc1 36. Be3 Nxa2 37. Kg5 Nb4 38. Kf4 Nc2 39. g4 Na1 40. h5
Ke7 41. b4 0-1

[Event "EtVaS 40v turnaus"]
[Site "Helsinki"]
[Date "2014.05.17"]
[Round "2.6"]
[White "Tuovinen, Jukka"]
[Black "Lönnqvist, Henrik"]
[Result "1/2-1/2"]
[WhiteElo "2062"]
[BlackElo "2059"]
[PlyCount "85"]
[EventDate "2014.??.??"]
[WhiteClock "1:31:01"]
[BlackClock "1:29:46"]

1. e4 c5 2. c3 Nf6 3. e5 Nd5 4. d4 cxd4 5. Qxd4 e6 6. Nf3 Nc6 7. Qe4 d6 8. Nbd2
dxe5 9. Nxe5 Nxe5 10. Qxe5 Bd7 11. Nc4 Qc7 12. Qxc7 Nxc7 13. Ne5 Rd8 14. Be3 b6
15. O-O-O f6 16. Nxd7 Rxd7 17. Bc4 Bd6 18. Rhe1 Ke7 19. Kc2 Rhd8 20. f4 Bc5 21.
Bxc5+ bxc5 22. Rxd7+ Rxd7 23. Re2 Nd5 24. Bxd5 Rxd5 25. Kb3 Kd6 26. Kc4 a6 27.
b4 cxb4 28. cxb4 Rd1 29. a4 Rc1+ 30. Kb3 Rb1+ 31. Kc3 Ra1 32. Rd2+ Kc6 33. Kb3
Rb1+ 34. Kc4 Rc1+ 35. Kd4 Rb1 36. Rc2+ Kd6 37. Kc4 Ra1 38. Rd2+ Kc6 39. b5+
axb5+ 40. axb5+ Kc7 41. g3 Rc1+ 42. Kb4 Rb1+ 43. Kc5 1/2-1/2

[Event "EtVaS 40v turnaus"]
[Site "Helsinki"]
[Date "2014.05.17"]
[Round "2.7"]
[White "Parkkinen, Jyrki"]
[Black "Demidov, Jan"]
[Result "1-0"]
[WhiteElo "2197"]
[BlackElo "1924"]
[PlyCount "95"]
[EventDate "2014.??.??"]
[WhiteClock "0:01:55"]
[BlackClock "0:01:52"]

1. d4 Nf6 2. Nf3 e6 3. g3 b6 4. Bg2 Bb7 5. O-O Be7 6. c4 O-O 7. Nc3 c5 8. d5 d6
9. e4 e5 10. Nh4 Ne8 11. Nf5 Bc8 12. Ne3 a6 13. f4 f6 14. a4 g6 15. h4 Ng7 16.
f5 Nh5 17. Kh2 Qe8 18. Bf3 Ng7 19. h5 Nxh5 20. fxg6 hxg6 21. Bxh5 gxh5 22. Nf5
Bxf5 23. exf5 Kg7 24. Ne4 Rh8 25. Ra3 Nd7 26. Kg2 Qf7 27. Rh1 Rag8 28. Rh4 Kf8
29. a5 Qh7 30. axb6 Qxf5 31. Rxa6 Kf7 32. b7 Rg4 33. Rxg4 hxg4 34. Nf2 Nb8 35.
Ra3 Rg8 36. Ra8 Qf3+ 37. Qxf3 gxf3+ 38. Kxf3 f5 39. Nd1 Nd7 40. Ne3 Bg5 41.
Nxf5 Bxc1 42. Nxd6+ Kg7 43. Ne4 Bxb2 44. Nxc5 Nb8 45. Ke4 Bc3 46. Ne6+ Kf7 47.
c5 Ke7 48. c6 1-0

[Event "EtVaS 40v turnaus"]
[Site "Helsinki"]
[Date "2014.05.17"]
[Round "2.8"]
[White "Hallman, Valo"]
[Black "Tumanov, Dmitri"]
[Result "1-0"]
[WhiteElo "1875"]
[BlackElo "2010"]
[PlyCount "105"]
[EventDate "2014.??.??"]
[WhiteClock "0:03:53"]
[BlackClock "0:23:40"]

1. Nf3 Nf6 2. c4 e6 3. g3 b6 4. Bg2 Bb7 5. O-O c5 6. Nc3 Be7 7. d4 cxd4 8. Nxd4
Bxg2 9. Kxg2 h5 10. e4 Qc7 11. Qd3 Na6 12. Qe2 Rc8 13. b3 Qb7 14. f3 h4 15. Be3
Qb8 16. f4 Qb7 17. Qf3 hxg3 18. hxg3 Nc5 19. e5 Ng4 20. Bg1 f5 21. Qxb7 Nxb7
22. Rac1 g5 23. Nc2 gxf4 24. gxf4 Kf7 25. Ne3 Rcg8 26. Kf3 Bc5 27. Nxg4 Rxg4
28. Bxc5 Rh3+ 29. Ke2 Nxc5 30. Rf3 Rh2+ 31. Ke3 Ke7 32. b4 Nb7 33. Re1 Rc2 34.
Kd4 Rgg2 35. Rh1 Rcd2+ 36. Rd3 Rh2 37. Rxd2 Rxh1 38. Rg2 Kf7 39. Rd2 Rh4 40.
Rf2 Rh3 41. Nb5 a5 42. c5 bxc5+ 43. bxc5 Rh1 44. Nd6+ Nxd6 45. cxd6 Rb1 46. Rc2
Rb4+ 47. Ke3 Re4+ 48. Kf3 Rb4 49. Rc7 Ke8 50. Rc8+ Kf7 51. Rd8 Rb7 52. Ra8 Rb5
53. Kg3 1-0

[Event "EtVaS 40v turnaus"]
[Site "Helsinki"]
[Date "2014.05.17"]
[Round "2.9"]
[White "Ertbjerg, Per"]
[Black "Hartio, Ilkka"]
[Result "0-1"]
[WhiteElo "2003"]
[BlackElo "2073"]
[PlyCount "60"]
[EventDate "2014.??.??"]
[WhiteClock "0:18:03"]
[BlackClock "0:20:55"]

1. d4 Nf6 2. c4 g6 3. Nc3 d5 4. cxd5 Nxd5 5. e4 Nxc3 6. bxc3 Bg7 7. Bc4 c5 8.
Ne2 O-O 9. Be3 Nc6 10. Rc1 cxd4 11. cxd4 Qa5+ 12. Kf1 Bd7 13. h4 h5 14. Nf4 e6
15. d5 exd5 16. Bxd5 Ne5 17. Bd4 Rac8 18. Rxc8 Rxc8 19. Kg1 Ba4 20. Qa1 Qd2 21.
Be3 Qb4 22. a3 Qd6 23. Qb1 b6 24. Rh3 Qxa3 25. Rg3 Qd6 26. Qa2 Bc6 27. Nxg6
Bxd5 28. Ne7+ Qxe7 29. exd5 Ng4 30. Bg5 Qe1# 0-1

[Event "EtVaS 40v turnaus"]
[Site "Helsinki"]
[Date "2014.05.17"]
[Round "2.10"]
[White "Syvälahti, Heikki"]
[Black "Seppänen, Ville"]
[Result "1/2-1/2"]
[WhiteElo "1982"]
[BlackElo "2072"]
[PlyCount "83"]
[EventDate "2014.??.??"]
[WhiteClock "0:07:21"]
[BlackClock "0:01:42"]

1. Nf3 c5 2. g3 Nc6 3. d4 cxd4 4. Nxd4 Nf6 5. Bg2 Qb6 6. Nb3 e6 7. e4 Be7 8.
O-O O-O 9. Be3 Qc7 10. Nc3 a6 11. Bf4 d6 12. Re1 Rd8 13. Qe2 Bd7 14. a4 Rac8
15. a5 Ne5 16. Nd2 Bc6 17. Be3 Re8 18. Bb6 Qb8 19. f4 Ned7 20. Bf2 Bd8 21. Nb3
e5 22. f5 h6 23. Red1 Bc7 24. h3 Red8 25. Kh2 Nf8 26. Rd2 Qa8 27. Rad1 Rb8 28.
Bb6 Bxb6 29. axb6 Ne8 30. Na5 Rd7 31. Nc4 Rbd8 32. Ne3 Nf6 33. Ned5 Bxd5 34.
Nxd5 Nxd5 35. Rxd5 Nh7 36. Qd2 Qc8 37. Qb4 Qc6 38. c3 Nf6 39. R5d2 Qc5 40. Qb3
Qe3 41. Rd3 Qc5 42. R3d2 1/2-1/2

[Event "EtVaS 40v turnaus"]
[Site "Helsinki"]
[Date "2014.05.17"]
[Round "3.1"]
[White "Luukkonen, Tommi"]
[Black "Kiik, Kalle"]
[Result "0-1"]
[WhiteElo "2348"]
[BlackElo "2415"]
[PlyCount "84"]
[EventDate "2014.??.??"]

1. c4 e5 2. g3 g6 3. Bg2 Bg7 4. Nc3 d6 5. d3 Nc6 6. e4 Nd4 7. Be3 Ne7 8. Qd2 c6
9. h4 h6 10. O-O-O Bg4 11. f3 Be6 12. f4 Qa5 13. Kb1 b5 14. f5 gxf5 15. exf5
Ndxf5 16. Nxb5 Qxd2 17. Bxd2 Kd7 18. g4 cxb5 19. gxf5 Bxf5 20. Bxa8 Rxa8 21.
cxb5 Bxd3+ 22. Ka1 e4 23. Nh3 Rb8 24. Nf2 Bxb5 25. Bf4 Nf5 26. Rhe1 Bc6 27. Rd2
Re8 28. Ng4 d5 29. Ne3 Nxe3 30. Bxe3 f5 31. Rf1 Rf8 32. Rg2 Be5 33. Bxh6 Rf7
34. Be3 f4 35. Bxa7 f3 36. Rg5 Bf4 37. Rg6 Bb5 38. Rd1 Bd3 39. Rgg1 Ke6 40. Bd4
Be2 41. Rg6+ Kf5 42. Rdg1 e3 0-1

[Event "EtVaS 40v turnaus"]
[Site "Helsinki"]
[Date "2014.05.17"]
[Round "3.2"]
[White "Åberg, Tomi"]
[Black "Nazarova, Anastasia"]
[Result "1-0"]
[WhiteElo "2123"]
[BlackElo "1817"]
[PlyCount "47"]
[EventDate "2014.??.??"]
[WhiteClock "0:43:02"]
[BlackClock "1:07:49"]

1. d4 d5 2. c4 c6 3. Nf3 Nf6 4. Nc3 dxc4 5. a4 Bf5 6. Nh4 Bg6 7. Nxg6 hxg6 8.
e4 e6 9. Bxc4 Bb4 10. Qd3 Nbd7 11. O-O Qc7 12. f4 Nb6 13. Bb3 Rd8 14. a5 Nc8
15. e5 Nd5 16. Nxd5 exd5 17. f5 gxf5 18. Qxf5 O-O 19. Rf3 Ne7 20. Qh5 Qd7 21.
Bc2 f5 22. exf6 Rxf6 23. Bh7+ Kf8 24. Rxf6+ 1-0

[Event "EtVaS 40v turnaus"]
[Site "Helsinki"]
[Date "2014.05.17"]
[Round "3.3"]
[White "Sorvari, Jarmo"]
[Black "Norri, Joose"]
[Result "0-1"]
[WhiteElo "2013"]
[BlackElo "2373"]
[PlyCount "52"]
[EventDate "2014.??.??"]
[WhiteClock "0:42:25"]
[BlackClock "1:24:55"]

1. d4 Nf6 2. c4 e6 3. Nc3 Bb4 4. f3 d5 5. a3 Be7 6. e4 dxe4 7. fxe4 e5 8. d5
O-O 9. Nf3 Ng4 10. Bd3 Bc5 11. Qe2 Bf2+ 12. Kd1 Bd4 13. Kc2 c6 14. Bd2 b5 15.
Rhf1 bxc4 16. Bxc4 cxd5 17. Bxd5 Ba6 18. Nb5 Qd7 19. a4 Nc6 20. Rac1 Rab8 21.
Kb1 Rfc8 22. Bxc6 Rxc6 23. Rxc6 Qxc6 24. Nfxd4 exd4 25. Qxg4 Bxb5 26. axb5 Qxb5
0-1

[Event "EtVaS 40v turnaus"]
[Site "Helsinki"]
[Date "2014.05.17"]
[Round "3.4"]
[White "Järvenpää, Jari"]
[Black "Tuovinen, Jukka"]
[Result "1-0"]
[WhiteElo "2282"]
[BlackElo "2062"]
[PlyCount "167"]
[EventDate "2014.??.??"]
[WhiteClock "0:03:23"]
[BlackClock "0:11:11"]

1. e4 e5 2. Nf3 Nc6 3. d4 exd4 4. Nxd4 Bc5 5. Nb3 Bb4+ 6. c3 Be7 7. f4 d6 8.
Be3 Nf6 9. N1d2 Ng4 10. Bg1 f5 11. Be2 Nf6 12. Bf3 O-O 13. Be3 Kh8 14. O-O fxe4
15. Nxe4 Nxe4 16. Bxe4 Bf5 17. Bf3 Qe8 18. Qd5 Bh4 19. Bf2 Bxf2+ 20. Rxf2 Qe3
21. Qd2 Qxd2 22. Rxd2 Rae8 23. Rf1 Be4 24. Bd1 g6 25. g3 Kg7 26. Nd4 Nxd4 27.
Rxd4 Bc6 28. Kf2 Re7 29. Re1 Rfe8 30. Rxe7+ Rxe7 31. Bc2 Bb5 32. Rd2 Kf6 33.
Bd1 b6 34. Bf3 a5 35. b3 Bd7 36. g4 h6 37. Rd4 Bb5 38. h4 Bd7 39. Rd1 Be6 40.
Re1 a4 41. bxa4 Bxa2 42. Ra1 Bc4 43. a5 bxa5 44. Rxa5 Bd3 45. Ra8 Be4 46. Rf8+
Kg7 47. Rc8 c5 48. Rd8 d5 49. Rc8 c4 50. Rd8 Bxf3 51. Kxf3 Re1 52. Rxd5 Rc1 53.
Ke4 Rxc3 54. Rd7+ Kg8 55. h5 gxh5 56. gxh5 Rh3 57. Kf5 Rd3 58. Rc7 Rd5+ 59. Kf6
Ra5 60. Rxc4 Ra6+ 61. Kf5 Ra5+ 62. Kg4 Ra1 63. Rc6 Kh7 64. Rc7+ Kg8 65. Kf5
Ra5+ 66. Kg4 Ra4 67. Rd7 Rb4 68. Kf5 Rb5+ 69. Kf6 Rb6+ 70. Ke5 Rb5+ 71. Rd5
Rxd5+ 72. Kxd5 Kf7 73. Ke5 Ke7 74. Kd4 Kf6 75. Kd3 Kf5 76. Ke3 Kf6 77. Kf2 Kf5
78. Kf3 Kf6 79. Ke4 Ke6 80. f5+ Kf6 81. Kf4 Kf7 82. Ke5 Ke7 83. f6+ Kf7 84. Kf5
1-0

[Event "EtVaS 40v turnaus"]
[Site "Helsinki"]
[Date "2014.05.17"]
[Round "3.5"]
[White "Lönnqvist, Henrik"]
[Black "Parkkinen, Jyrki"]
[Result "1/2-1/2"]
[WhiteElo "2059"]
[BlackElo "2197"]
[PlyCount "46"]
[EventDate "2014.??.??"]
[WhiteClock "0:45:40"]
[BlackClock "0:26:12"]

1. e4 c5 2. d4 cxd4 3. c3 g6 4. cxd4 d5 5. e5 Nc6 6. Nc3 Bg7 7. Be3 Nh6 8. Bd3
Nf5 9. Nf3 Nxe3 10. fxe3 O-O 11. O-O f6 12. exf6 Bxf6 13. Qc2 Nb4 14. Qb3 Qb6
15. Nxd5 Nxd5 16. Qxd5+ Be6 17. Qb5 Qxb5 18. Bxb5 Bd5 19. Bd3 Bxf3 20. Rxf3
Rac8 21. Raf1 Kg7 22. Kf2 e5 23. d5 Be7 1/2-1/2